=LDR 00000nam 2200000 4500 =001 INLIS000000000051948 =990 ##$$a 21706524 =005 20180116073551 =990 ##$$a 21706525 =035 ##$$a 0010-0118000136 =990 ##$$a 21706523 =007 ta =990 ##$$a 21706522 =008 180116###########################0###### =990 ##$$a 21706521 =020 ##$$a 978-602-7929-62-3 =990 ##$$a 21706562 =082 ##$$a 372.2 =084 ##$$a 372.2 YEK b =100 #$$a Yekti Mawarini =245 1#$$a Buku aktivitas : $b Aku anak muslim /$c Yekti Mawarini =260 ##$$a Surakarta :$b Sinar Grafika,$c 2015 =300 ##$$a vi,61 hlm. : $b ilus. ; $c 27 cm =650 ##$$a Taman Kanak-Kanak =990 ##$$a 07300730 =990 ##$$a 07300730 =990 ##$$a 07300730 =990 ##$$a 07300730 =990 ##$$a 07300730 =990 ##$$a 21706521 =990 ##$$a 01201800730 =990 ##$$a 01201800731 =990 ##$$a 01201800732 =990 ##$$a 01201800733 =990 ##$$a 21706522 =990 ##$$a 01201800730 =990 ##$$a 01201800731 =990 ##$$a 01201800732 =990 ##$$a 21706521 =990 ##$$a 21706523 =990 ##$$a 01201800730 =990 ##$$a 01201800731 =990 ##$$a 21706522 =990 ##$$a 21706521 =990 ##$$a 21706524 =990 ##$$a 01201800730 =990 ##$$a 21706523 =990 ##$$a 21706522 =990 ##$$a 21706521 =990 ##$$a 21706525 =990 ##$$a 21706524 =990 ##$$a 21706523 =990 ##$$a 21706522 =990 ##$$a 21706521 =990 ##$$a 21706562 =990 ##$$a 21706525 =990 ##$$a 21706524 =990 ##$$a 21706523 =990 ##$$a 21706522 =990 ##$$a 21706521